[Event "Casablanca Mohammed op 4th"]
[Site "Casablanca"]
[Date "2023.08.19"]
[Round "9"]
[White "Hadj Kholti, Yasser"]
[Black "Noritsyn, Nikolay"]
[Result "0-1"]
[WhiteElo "2018"]
[BlackElo "2478"]
[PlyCount "188"]
[EventDate "2023.08.14"]
[EventType "swiss"]
[EventRounds "9"]
[EventCountry "MAR"]
[SourceTitle "CBM 215 Extra"]
[Source "ChessBase"]
[SourceDate "2023.09.30"]
[SourceVersion "1"]
[SourceVersionDate "2023.09.30"]
[SourceQuality "1"]

1. e4 c5 2. Nf3 d6 3. b3 e5 4. Bc4 Be7 5. 0-0 Nf6 6. Re1 0-0 7. c3 Nc6 8. d4 cxd4 9. cxd4 Bg4 10. d5 Nd4 11. Nbd2 Nd7 12. h3 Bxf3 13. Nxf3 Nxf3+ 14. Qxf3 Bg5 15. Bb5 Nb6 16. Be3 a6 17. Bd3 Nd7 18. Rac1 Bxe3 19. Qxe3 Qa5 20. Re2 Rac8 21. Rec2 Rc5 22. Rxc5 Nxc5 23. Rc2 g6 24. Bf1 Kg7 25. Qc3 Qxc3 26. Rxc3 Nxe4 27. Rc7 Rb8 28. Rd7 Kf8 29. g4 Nf6 30. Rc7 Ke8 31. Bg2 Nd7 32. g5 Kd8 33. Rc4 Rc8 34. Rh4 Rc1+ 35. Kh2 Nf8 36. f4 Kc7 37. fxe5 dxe5 38. Re4 Kd6 39. Re2 Rd1 40. Rf2 Ke7 41. Rc2 Nd7 42. Rc7 b6 43. h4 a5 44. Kg3 Rd3+ 45. Kf2 Rd2+ 46. Kg3 Kd8 47. Ra7 f5 48. gxf6 Nxf6 49. Rf7 Nh5+ 50. Kf3 e4+ 51. Kxe4 Rxg2 52. Ke5 Ke8 53. Rxh7 Rxa2 54. Rb7 Re2+ 55. Kd6 Nf4 56. Rxb6 Kf7 57. Ra6 Re3 58. Rxa5 Rxb3 59. Ke5 Nd3+ 60. Kd4 Nf2 61. Ke5 Re3+ 62. Kf4 Rd3 63. Ra7+ Kf6 64. Ra6+ Kg7 65. h5 gxh5 66. Ra7+ Kf6 67. Ra6+ Kf7 68. Ra7+ Ke8 69. Ra8+ Kd7 70. Ra7+ Kd6 71. Ra6+ Kc7 72. Rh6 Rxd5 73. Kg3 Nd3 74. Kh4 Nf4 75. Rf6 Ng2+ 76. Kg3 Rg5+ 77. Kh3 Rg4 78. Rf2 Nf4+ 79. Kh2 Kd6 80. Ra2 Ke6 81. Ra6+ Kf5 82. Ra5+ Kg6 83. Rb5 Rg2+ 84. Kh1 Rd2 85. Ra5 h4 86. Rb5 Nd5 87. Ra5 Kg5 88. Ra8 Kg4 89. Ra4+ Nf4 90. Re4 Kf3 91. Re8 Nd3 92. Rf8+ Kg3 93. Rg8+ Kh3 94. Rg1 Nf2# 0-1

[Event "Casablanca Mohammed op 4th"]
[Site "Casablanca"]
[Date "2023.08.14"]
[Round "1"]
[White "Hadj Kholti, Yasser"]
[Black "Sambuev, Bator"]
[Result "0-1"]
[WhiteElo "2018"]
[BlackElo "2462"]
[PlyCount "170"]
[EventDate "2023.08.14"]
[EventType "swiss"]
[EventRounds "9"]
[EventCountry "MAR"]
[SourceTitle "CBM 215 Extra"]
[Source "ChessBase"]
[SourceDate "2023.09.30"]
[SourceVersion "1"]
[SourceVersionDate "2023.09.30"]
[SourceQuality "1"]

1. d4 Nf6 2. e3 g6 3. Nf3 Bg7 4. Bd3 0-0 5. 0-0 d6 6. c4 Nc6 7. Nc3 e5 8. h3 Re8 9. Bc2 exd4 10. exd4 h6 11. d5 Nb4 12. Ba4 Bd7 13. a3 Na6 14. Be3 Nc5 15. Bxc5 dxc5 16. Bxd7 Qxd7 17. Qb3 b6 18. Rfe1 a6 19. Rad1 Rxe1+ 20. Rxe1 Re8 21. Rxe8+ Nxe8 22. Qa4 Qxa4 23. Nxa4 Nd6 24. Nd2 h5 25. b3 Bd4 26. b4 cxb4 27. axb4 b5 28. cxb5 axb5 29. Nc5 Kf8 30. Ndb3 Bc3 31. Na6 Ne8 32. Kf1 Ke7 33. Ke2 Kd6 34. Kd3 Be1 35. Ke2 Bc3 36. Kd3 Be5 37. Nd4 Kxd5 38. Nxb5 h4 39. Na3 Bd4 40. f3 Bb6 41. Nb1 Nf6 42. Nc3+ Kd6 43. Nb8 Nh5 44. Ne2 Ba7 45. Na6 c6 46. Kc4 Nf6 47. Nc3 Ke5 48. Kd3 Bf2 49. Nb8 Kd6 50. Na6 Be1 51. Ne4+ Nxe4 52. Kxe4 f5+ 53. Kd3 Bf2 54. Kc4 Ba7 55. Kd3 Ke5 56. Nc7 Bb6 57. Na6 Kd5 58. Kc3 Bd4+ 59. Kd3 Be5 60. Nc5 Bd6 61. Na6 Ke5 62. Ke3 Be7 63. Kd3 Bd6 64. Ke3 g5 65. Kd3 Kf4 66. Ke2 Kg3 67. Kf1 g4 68. fxg4 fxg4 69. hxg4 Kxg4 70. Kg1 Kf4 71. Kh2 Kg4+ 72. Kg1 Kf5 73. Nc5 Ke5 74. Kh2 Kd5+ 75. Kh3 Bg3 76. Nb3 Kc4 77. Na5+ Kb5 78. Nxc6 Kxc6 79. Kg4 Kb5 80. Kf3 Kxb4 81. Ke2 Kc4 82. Kf1 Bh2 83. Kf2 Kd4 84. Ke2 Ke5 85. g4 Kf4 0-1

[Event "Olympiad-44"]
[Site "Chennai"]
[Date "2022.08.03"]
[Round "6.3"]
[White "Gundavaa, Bayarsaihan"]
[Black "Hadj Kholti, Yasser"]
[Result "1-0"]
[WhiteElo "2503"]
[BlackElo "1871"]
[PlyCount "131"]
[EventDate "2022.07.29"]
[EventType "team-swiss"]
[EventRounds "11"]
[EventCountry "IND"]
[SourceTitle "CBM 210"]
[Source "ChessBase"]
[SourceDate "2022.10.31"]
[SourceVersion "1"]
[SourceVersionDate "2022.10.31"]
[SourceQuality "1"]
[WhiteTeam "Mongolia"]
[BlackTeam "Morocco"]
[WhiteTeamCountry "MGL"]
[BlackTeamCountry "MAR"]

1. e4 c5 2. Nf3 Nc6 3. Bb5 e6 4. 0-0 Nge7 5. Re1 a6 6. Bf1 d5 7. exd5 Nxd5 8. d4 Nf6 9. Be3 Be7 10. c4 cxd4 11. Nxd4 Nxd4 12. Qxd4 Qxd4 13. Bxd4 Bd7 14. Nc3 Bc6 15. a3 0-0 16. b4 Rfd8 17. Rad1 Kf8 18. Bb6 Rxd1 19. Rxd1 Ke8 20. f3 Nd7 21. Be3 Bf6 22. Rc1 b6 23. Ne2 Rc8 24. Nd4 Bb7 25. Nb3 Bb2 26. Rb1 Bxa3 27. Na1 a5 28. bxa5 Bc5 29. Bxc5 Rxc5 30. axb6 Rc6 31. c5 Rxc5 32. Nb3 Rd5 33. Bc4 Rd6 34. Na5 Rxb6 35. Rxb6 Nxb6 36. Bb5+ Ke7 37. Nxb7 Nd5 38. Nc5 Nc7 39. Bd3 h6 40. Kf2 Nd5 41. Be4 Nf6 42. Ke3 Ne8 43. Nd3 Nd6 44. Ne5 Ne8 45. Kd4 Nf6 46. Kc5 Ne8 47. Bc6 Nd6 48. Be4 Ne8 49. Kc6 Nf6 50. Nc4 Nd7 51. Kc7 Nc5 52. Ne5 Nb3 53. Nc6+ Kf6 54. Kd6 h5 55. Ne5 Nc1 56. f4 g6 57. Bd3 Nb3 58. Nf3 Nc1 59. Bc4 Kf5 60. Ng5 Kxf4 61. Nxf7 Ke3 62. Ke5 Kf2 63. Kf4 h4 64. h3 Kxg2 65. Ng5 Kh2 66. Kg4 1-0

[Event "Francophonie-ch 8th"]
[Site "Casablanca"]
[Date "2022.07.03"]
[Round "3"]
[White "Berend, Elvira S"]
[Black "Hadj Kholti, Yasser"]
[Result "0-1"]
[WhiteElo "2333"]
[BlackElo "1871"]
[PlyCount "88"]
[EventDate "2022.07.02"]
[EventType "swiss"]
[EventRounds "9"]
[EventCountry "MAR"]
[SourceTitle "EXT 2023"]
[Source "ChessBase"]
[SourceDate "2022.10.05"]
[SourceVersion "1"]
[SourceVersionDate "2022.10.05"]
[SourceQuality "1"]

1. e4 c5 2. Nf3 e6 3. d4 cxd4 4. Nxd4 Nc6 5. Nxc6 bxc6 6. Bd3 Nf6 7. 0-0 d5 8. Qe2 Be7 9. c4 dxe4 10. Bc2 0-0 11. Nc3 Qc7 12. Bg5 e5 13. Rfe1 Bg4 14. Qe3 Bf5 15. Bxf6 Bxf6 16. Bxe4 Be6 17. Qf3 Rad8 18. Bxc6 Bxc4 19. Bd5 Ba6 20. Rad1 Be7 21. Qf5 Qb8 22. Qxe5 Bd6 23. Qh5 Qxb2 24. Ne4 h6 25. Qh4 Bb4 26. Rb1 Qd4 27. Rxb4 Qxd5 28. Nf6+ gxf6 29. Qxf6 Qe6 30. Qa1 Qg6 31. Rb3 Rd3 32. Rxd3 Bxd3 33. Re3 Rb8 34. Qc3 Rb1+ 35. Re1 Be4 36. g3 Qc6 37. Qa5 Rxe1+ 38. Qxe1 Bh1 39. Qf1 Be4 40. Qd1 Kh7 41. h4 Qc3 42. Kh2 Qf3 43. Qf1 f5 44. Qg1 h5 0-1

[Event "Online Olym Div Top-C"]
[Site "Chess.com INT"]
[Date "2020.08.23"]
[Round "9.5"]
[White "Gokerkan, Cem Kaan"]
[Black "Hadj Kholti, Yasser"]
[Result "1-0"]
[WhiteElo "2461"]
[BlackElo "1871"]
[PlyCount "47"]
[EventDate "2020.08.21"]
[EventType "team-tourn (rapid)"]
[EventRounds "9"]
[EventCountry "USA"]
[SourceTitle "CBM 198"]
[Source "ChessBase"]
[SourceDate "2020.10.31"]
[SourceVersion "1"]
[SourceVersionDate "2020.10.31"]
[SourceQuality "1"]
[WhiteTeam "Turkey"]
[BlackTeam "Morocco"]
[WhiteTeamCountry "TUR"]
[BlackTeamCountry "MAR"]

1. Nc3 d6 2. d4 f5 3. g4 fxg4 4. e4 Nf6 5. Bc4 Nc6 6. Nge2 e5 7. Bg5 Be7 8. Qd2 exd4 9. Nxd4 Ne5 10. Be2 0-0 11. 0-0-0 h6 12. Be3 a6 13. Rdg1 c5 14. Nf5 Kh7 15. Nxg7 Kxg7 16. f4 Nf7 17. h3 h5 18. Nd5 Nxe4 19. Qd3 Bf5 20. hxg4 Bh7 21. g5 Bf5 22. Bf3 c4 23. Qd4+ Kg8 24. Bxe4 1-0

[Event "Online Olym Div Top-C"]
[Site "Chess.com INT"]
[Date "2020.08.22"]
[Round "5.5"]
[White "Esipenko, Andrey"]
[Black "Hadj Kholti, Yasser"]
[Result "1-0"]
[WhiteElo "2672"]
[BlackElo "1871"]
[PlyCount "67"]
[EventDate "2020.08.21"]
[EventType "team-tourn (rapid)"]
[EventRounds "9"]
[EventCountry "USA"]
[SourceTitle "CBM 198"]
[Source "ChessBase"]
[SourceDate "2020.10.31"]
[SourceVersion "1"]
[SourceVersionDate "2020.10.31"]
[SourceQuality "1"]
[WhiteTeam "Russia"]
[BlackTeam "Morocco"]
[WhiteTeamCountry "RUS"]
[BlackTeamCountry "MAR"]

1. c4 Nf6 2. Nc3 e6 3. e4 d5 4. cxd5 exd5 5. e5 d4 6. exf6 dxc3 7. Nf3 Qxf6 8. dxc3 Bd6 9. Bg5 Qg6 10. Bd3 Bf5 11. Qe2+ Kf8 12. Bxf5 Qxf5 13. 0-0 Nc6 14. Rfe1 h6 15. Bh4 g5 16. Bg3 Bxg3 17. hxg3 Kg7 18. b4 a6 19. a4 Rhd8 20. b5 axb5 21. axb5 Re8 22. Qb2 Rxa1 23. Rxa1 Ne5 24. Nd4 Qd3 25. Qb3 Ng4 26. Rf1 Qd2 27. Nf5+ Kf6 28. Ne3 Nxe3 29. fxe3+ Ke5 30. Qxf7 Qxe3+ 31. Kh2 Kd6 32. Rd1+ Kc5 33. Qxc7+ Kxb5 34. Rb1+ 1-0

[Event "Online Olym Div Top-C"]
[Site "Chess.com INT"]
[Date "2020.08.22"]
[Round "6.5"]
[White "Hadj Kholti, Yasser"]
[Black "Davtyan, Artur"]
[Result "0-1"]
[WhiteElo "1871"]
[BlackElo "2461"]
[PlyCount "66"]
[EventDate "2020.08.21"]
[EventType "team-tourn (rapid)"]
[EventRounds "9"]
[EventCountry "USA"]
[SourceTitle "CBM 198"]
[Source "ChessBase"]
[SourceDate "2020.10.31"]
[SourceVersion "1"]
[SourceVersionDate "2020.10.31"]
[SourceQuality "1"]
[WhiteTeam "Morocco"]
[BlackTeam "Armenia"]
[WhiteTeamCountry "MAR"]
[BlackTeamCountry "ARM"]

1. e4 e5 2. Nf3 Nc6 3. d4 exd4 4. Bc4 Nf6 5. 0-0 Nxe4 6. Re1 d5 7. Bxd5 Qxd5 8. Nc3 Qa5 9. Nxe4 Be6 10. Neg5 0-0-0 11. Nxe6 fxe6 12. Rxe6 Bd6 13. Bg5 Rde8 14. Qe2 Kd7 15. Rxe8 Rxe8 16. Qd3 h6 17. Bd2 Qd5 18. h3 Re4 19. Kf1 a6 20. a4 Ne7 21. b4 Ng6 22. c4 Qf5 23. g4 Nf4 24. Bxf4 Qxf4 25. c5 Be7 26. Rd1 Bf6 27. Kg2 Kc8 28. Qc4 Re8 29. c6 Rd8 30. cxb7+ Kxb7 31. b5 axb5 32. Qxb5+ Kc8 33. a5 Qe4 0-1

[Event "Arab-ch U16"]
[Site "Hammamet"]
[Date "2018.10.28"]
[Round "1.6"]
[White "Ben Alaya, Hazem"]
[Black "Hadj Kholti, Yasser"]
[Result "0-1"]
[WhiteElo "1483"]
[BlackElo "1924"]
[PlyCount "54"]
[EventDate "2018.10.28"]
[EventType "swiss"]
[EventRounds "9"]
[EventCountry "TUN"]
[SourceTitle "EXT 2024"]
[Source "ChessBase"]
[SourceDate "2023.10.10"]
[SourceVersion "1"]
[SourceVersionDate "2023.10.10"]
[SourceQuality "1"]

1. e4 c5 2. Nf3 Nc6 3. d4 cxd4 4. Nxd4 e5 5. Nb5 d6 6. N1c3 a6 7. Na3 b5 8. Nd5 Nf6 9. Bg5 Be7 10. Bxf6 Bxf6 11. c3 0-0 12. Nc2 Bg5 13. a4 bxa4 14. Rxa4 a5 15. Na3 Ne7 16. Nb5 Nxd5 17. Qxd5 Be6 18. Qxd6 Qf6 19. Be2 Rfd8 20. Qc5 Rac8 21. Qa7 Rd7 22. Qb6 Bd2+ 23. Kf1 Rcd8 24. Ra1 Bc1 25. Rxc1 Rd1+ 26. Rxd1 Rxd1+ 27. Bxd1 Bc4+ 0-1